Studies on growth-out practices of fin fishes and shell fishes using inland saline soils and ground saline water (Record no. 88917)
[ view plain ]
| 000 -LEADER | |
|---|---|
| fixed length control field | 00397nam a2200133Ia 4500 |
| 008 - FIXED-LENGTH DATA ELEMENTS--GENERAL INFORMATION | |
| fixed length control field | 230917s9999||||xx |||||||||||||| ||und|| |
| 040 ## - CATALOGING SOURCE | |
| -- | 101441 |
| Original cataloging agency | VIVEKANANDA LIBRARY |
| 041 ## - Language | |
| -- | English |
| 082 ## - DDC NUMBER | |
| Classification number | 570 C345S |
| 100 ## - MAIN ENTRY--PERSONAL NAME | |
| Personal name | Chadha, Narinder Kumar |
| 245 #0 - TITLE STATEMENT | |
| Title | Studies on growth-out practices of fin fishes and shell fishes using inland saline soils and ground saline water |
| 300 ## - PHYSICAL DESCRIPTION | |
| Pages | 140 p. |
| 942 ## - ADDED ENTRY ELEMENTS (KOHA) | |
| Koha item type | Thesis |
| Withdrawn status | Lost status | Damaged status | Not for loan | Location (home branch) | Sublocation or collection (holding branch) | Date acquired | Koha issues (times borrowed) | Koha full call number | Accession No. | Koha date last seen | Koha item type |
|---|---|---|---|---|---|---|---|---|---|---|---|
| VIVEKANANDA LIBRARY | VIVEKANANDA LIBRARY | 28/04/2004 | 570 C345S | 169322 | 17/09/2023 | Thesis | |||||
| VIVEKANANDA LIBRARY | VIVEKANANDA LIBRARY | 28/04/2004 | 570 C345S | 169328 | 17/09/2023 | Thesis |
